Central Library OPAC University of Rajshahi

The domestic economics and international politics of postwar U.S. trade policy, 1945-1980 : (Record no. 60833)

MARC details
000 -LEADER
fixed length control field 01260nam a2200313 a 4500
001 - CONTROL NUMBER
control field 60833
003 - CONTROL NUMBER IDENTIFIER
rucl marc code BD-RjUL
005 - DATE AND TIME OF LATEST TRANSACTION
control field 20211209080904.0
008 - FIXED-LENGTH DATA ELEMENTS--GENERAL INFORMATION
fixed length control field 170103s1990 nyua b 000 0 eng d
020 ## - INTERNATIONAL STANDARD BOOK NUMBER
International Standard Book Number 0824074351 (alk. paper)
035 ## - SYSTEM CONTROL NUMBER
System control number (BD-RjUL)60957
040 ## - CATALOGING SOURCE
Original cataloging agency DLC
Transcribing agency DLC
Modifying agency DLC
-- (BD-RjUL)
Language of cataloging eng
041 ## - LANGUAGE CODE
Language code of text/sound track or separate title eng
082 00 - DEWEY DECIMAL CLASSIFICATION NUMBER
Classification number 382.0973052
Edition number 20
Author mark and year SHD 1990
100 1# - MAIN ENTRY--PERSONAL NAME
Personal name Shearer, Susan Biddle.
9 (RLIN) 181319
245 04 - TITLE STATEMENT
Title The domestic economics and international politics of postwar U.S. trade policy, 1945-1980 :
Remainder of title case study, Japan /
Statement of responsibility, etc. Susan Biddle Shearer.
260 ## - PUBLICATION, DISTRIBUTION, ETC. (IMPRINT)
Place of publication, distribution, etc. New York :
Name of publisher, distributor, etc. Garland Pub.,
Date of publication, distribution, etc. 1990.
300 ## - PHYSICAL DESCRIPTION
Pagination vii, 321, [9] p. :
Illustrations ill. ;
Size 24 cm.
504 ## - BIBLIOGRAPHY, ETC. NOTE
Bibliography, etc Includes bibliographical references (p. [323-328]).
651 #0 - SUBJECT ADDED ENTRY--GEOGRAPHIC NAME
Geographic name United States
General subdivision Foreign economic relations
Geographic subdivision Japan.
9 (RLIN) 175363
Geographic name Japan
General subdivision Foreign economic relations
Geographic subdivision United States.
9 (RLIN) 176967
Geographic name United States
General subdivision Economic policy
Chronological subdivision 1945-1960.
9 (RLIN) 181321
Geographic name United States
General subdivision Economic policy
Chronological subdivision 1961-1971.
9 (RLIN) 172748
Geographic name United States
General subdivision Economic policy
Chronological subdivision 1971-1981.
9 (RLIN) 181322
Geographic name United States
General subdivision Commercial policy.
9 (RLIN) 174522
942 ## - ADDED ENTRY ELEMENTS (KOHA)
Source of classification or shelving scheme Dewey Decimal Classification
Koha item type Books
Holdings
Lost status Source of classification or shelving scheme Damaged status Not for loan Collection code Permanent Location Current Location Shelving location Date acquired Total Checkouts Full call number Date last seen Copy number Koha item type
  Dewey Decimal Classification   Not For Loan Non-fiction Central Library, University of Rajshahi Central Library, University of Rajshahi Reading Room 02/03/1996   382.0973052 SHD 1990 03/01/2017 C-1 Books